000 00884nam a22002297a 4500
003 UA-OsUOA
001 120860
007 ta
008 20170224b un ||||| |||| 00| 0 ukr d
090 _a801.7(44+477)
_bФ84
942 _cBK
040 _aUA-OsUOA
_bukr
_cUA-OsUOA
_dUA-OsUOA
245 _aФранція та Україна, науково-практичний досвід у контексті діалогу національних культур
_bХІ Міжнародна конференція: матеріали
_cупор. Л. В. Пономарьова
300 _a251 с.
955 _a1
041 _aukr
080 _a801.7(44+477)
020 _a966-525-689-0
260 _aДніпропетровськ
_bПороги
_c2007
650 7 _a801 Просодія. Допоміжні науки та джерела філології
_2UDC
999 _c406970
_d406970